Educational technology for teaching and learning

The third edition of Educational Technology for Teaching and Learning introduces teachers to the approaches, methods, and procedures for integrating not only computers but also other media into the curriculum. This concise book provides the basics for becoming a knowledgeable educator in the 21st c...

Full description

Saved in:
Bibliographic Details
Format: Book
Language:Undetermined
Published: New Jersey Pearson education, Inc 2006
Subjects:
Tags: Add Tag
No Tags, Be the first to tag this record!
Institutions: Trung tâm Học liệu Trường Đại học Cần Thơ
LEADER 01201nam a2200205Ia 4500
001 CTU_102831
008 210402s9999 xx 000 0 und d
020 |c 24.19 
082 |a 371.33 
082 |b E24 
245 0 |a Educational technology for teaching and learning 
245 0 |c Timothy J. Newby, Donald A. Stepich, James D. Laehman,...[et al.] 
260 |a New Jersey 
260 |b Pearson education, Inc 
260 |c 2006 
520 |a The third edition of Educational Technology for Teaching and Learning introduces teachers to the approaches, methods, and procedures for integrating not only computers but also other media into the curriculum. This concise book provides the basics for becoming a knowledgeable educator in the 21st century: understanding the foundations of learning and technology; planning technology/media-supported learning experiences, integrating technology and media meaningfully into the curriculum, and ensuring the success of technology/media-supported lessons. 
650 |a Computer-assisted instruction,Instructional systems,Educational technology 
650 |x Design,Planning 
904 |i M.Loan 
980 |a Trung tâm Học liệu Trường Đại học Cần Thơ